000 00975nam a2200205 a 4500
001 001081234
003 AM-YeHGA
005 20250617151351.0
008 150522s1974 ru r 000 0 rus d
040 _aAM-YeHGA
041 0 _arus
100 1 _aЗалялов, Азат Михайлович
245 1 0 _aСоциалистическое преобразование сельского хозяйства в Татарии (1917-1937 гг.) /
_cА.М. Залялов ; АН СССР. Казан. фил. Ин-т языка, лит. и истории им. Г. Ибрагимова.
260 _aКазань :
_bИзд-во Казан. ун-та,
_c1974.
300 _a328 с., :
_bтабл.
504 _aБиблиогр. в подстроч. примеч.
650 1 4 _aСельское хозяйство в Татарии
710 2 _aИнститут языка, литературы и истории имени Г. Ибрагимова
090 _c351603
999 _c349792
_d349792